| 000 | 00896cam a2200145ua 4500 | ||
|---|---|---|---|
| 041 |
_aeng _h |
||
| 082 |
_a028.7463 _bCIA/SO |
||
| 110 | 1 |
_aCentral institute of agricultural engineering . _b _c(Bhopal ) |
|
| 245 |
_aSoil survey and land use of village Bhopal M P _hTextual Documents |
||
| 260 |
_aBhopal : _bCentral Institute of Agricultural Engineering , _c1983. |
||
| 300 | _a49 ; . | ||
| 504 | _a | ||
| 942 | _cBK | ||
| 999 |
_c6323 _d6323 |
||